000 00439nam a2200169Ia 4500
008 230917s9999||||xx |||||||||||||| ||und||
020 _cRS270
040 _e228227
_aMAIN
041 _aEnglish
082 _a658.3 M278M
100 _aMahajan, J P
245 0 _aManaging human resoures
260 _aNoida
_bVikas Publishing
_c2015
300 _axiv, 260 p.
500 _a2113 11/09/2015 HBD15/6497 21/09/2015 Main Budget
942 _cBK
999 _c16001
_d16001